Statistics for Iraqi Airways Destinations-Baghdad

Click here to take the quiz!

General Stats

  • This quiz has been taken 22 times
  • The average score is 27 of 37

Answer Stats

Country Airport % Correct
EgyptCairo
100%
DenmarkCopenhagen
100%
UKManchester
93%
IndiaDelhi
93%
LebanonBeirut
93%
MalaysiaKuala Lumpur
93%
PakistanKarachi
93%
RussiaMoscow-Vnukovo
93%
IranTehran
93%
TurkeyAnkara
93%
TurkeyIstanbul
93%
GermanyMunich
93%
UkraineKiev
93%
JordanAmman
93%
GermanyFrankfurt
93%
UAEDubai
93%
UKLondon-Gatwick
93%
BelarusMinsk
93%
KuwaitKuwait City
93%
IndiaMumbai
87%
GermanyDusseldorf
87%
GermanyBerlin-Tegel
87%
BulgariaSofia
87%
AzerbaijanBaku
80%
ChinaGuangzhou
73%
IndiaAhmedabad
60%
BahrainBahrain
53%
IranIsfahan
53%
IraqBasra
53%
TurkeyAntalya
47%
IranMashhad
40%
IraqErbil
33%
IraqNajaf
27%
EgyptSharm-El-Sheikh
27%
IraqSulaimaniyah
13%
IraqNasiriyah
7%
TurkeySamsun
7%

Score Distribution

Percentile by Number Answered

Percent of People with Each Score

Your Score History

You have not taken this quiz